000 003180000a22000970004500
100 1 _aAcosta, Milton
245 1 0 _aBienaventurados los que lloran porque ellos recibirán consolación
300 _aVol.1, núm.2 (Noviembre, 1997), Página 4
773 0 _tSeminario en Diálogo : Órgano informativo de la Fu
942 _cANA
999 _c61958
_d61958